Sanctuarium, hoc est, Sermones panegyrici sanctorum omnium quorum memoriam sive solemnitatem per totius anni decursum celebrat Sancta Mater Nostra Ecclesia orthodoxa romano-catholica / authore R.P. Christophoro Braun... accedit luctuosa Christi domini passio septem partibus comprehensa

Detalles Bibliográficos
Autor principal: Braun, Cristóforo
Formato: Libro
Lenguaje:Undetermined
Latin
Publicado: Coloniae Agrippinae : apud Hermannum Demen, 1677.
Materias:
Colección:Banco de datos
Acervo:Biblioteca Palafoxiana. Colección bibliográfica
Descripción Física:[14], 726, [12] p. ; 4°
Tema general:Homilética
Notas:Ex libris manuscrito: "Libreria del Colegio del Espiritu Santo de la Puebla". Número de localización: 16677
LEADER 00852nam a2200169Ia 4500
008 150723s9999 xx 000 0 und d
041 0 |a lat 
050 0 |a PAFX BV4207 B7 
100 1 |a Braun, Cristóforo 
245 1 0 |a Sanctuarium, hoc est, Sermones panegyrici sanctorum omnium quorum memoriam sive solemnitatem per totius anni decursum celebrat Sancta Mater Nostra Ecclesia orthodoxa romano-catholica / authore R.P. Christophoro Braun... accedit luctuosa Christi domini passio septem partibus comprehensa 
260 |a Coloniae Agrippinae : apud Hermannum Demen, 1677. 
300 |a [14], 726, [12] p. ; 4° 
500 |a Ex libris manuscrito: "Libreria del Colegio del Espiritu Santo de la Puebla". Número de localización: 16677 
650 1 0 |a Homilética 
942 |c PALALIB 
943 |g Biblioteca Palafoxiana. Colección bibliográfica 
999 |c 1053077  |d 1053077